Literary Character by Quote Quiz Stats

 Plays Quiz Updated Oct 12, 2015

Also try: Quotes From Books
Challenge
Share
Tweet
Embed
Score 0/22 Timer 08:00
0 Plays Today
% Correct
Holly Golightly
84.1%
Nick Carraway
79.2%
Scarlett O'Hara
65.2%
Albus Dumbledore
64%
Huckleberry Finn
52.3%
Atticus Finch
48.9%
Humbert Humbert
47.6%
Gandalf the Grey
45%
Tyler Durden
42.1%
Ford Prefect
40.6%
Winnie the Pooh
40.4%
% Correct
Invisible Man
39.8%
Holden Caulfield
39.1%
Winston Smith
34.1%
Anne Shirley
32%
The Little Prince
26.4%
Jack Merridew
26.3%
Billy Pilgrim
24.8%
Rodion Raskolnikov
19%
Melchizedek, the alchemist
12.9%
Leopold Bloom
9.2%
Meursault
9.1%

You're not logged in!

Compare scores with friends on all Sporcle quizzes.
OR
Log In

You Might Also Like...

Show Comments

Extras

Top Quizzes Today


Score Distribution

Your Account Isn't Verified!

In order to create a playlist on Sporcle, you need to verify the email address you used during registration. Go to your Sporcle Settings to finish the process.

Report this User

Report this user for behavior that violates our Community Guidelines.

Details: